Air pollution control technology handbook / (Record no. 332418)

000 -LEADER
fixed length control field 01418cam a22003134a 4500
001 - CONTROL NUMBER
control field 12432633
003 - CONTROL NUMBER IDENTIFIER
control field NUST
005 - DATE AND TIME OF LATEST TRANSACTION
control field 20171204113727.0
008 - FIXED-LENGTH DATA ELEMENTS--GENERAL INFORMATION
fixed length control field 010606s2002 flua bf 001 0 eng
010 ## - LIBRARY OF CONGRESS CONTROL NUMBER
LC control number 2001037498
020 ## - INTERNATIONAL STANDARD BOOK NUMBER
International Standard Book Number 0849395887 (alk. paper)
040 ## - CATALOGING SOURCE
Original cataloging agency DLC
Transcribing agency DLC
Modifying agency DLC
042 ## - AUTHENTICATION CODE
Authentication code pcc
050 00 - LIBRARY OF CONGRESS CALL NUMBER
Classification number TD883
Item number .S283 2002
082 00 - DEWEY DECIMAL CLASSIFICATION NUMBER
Classification number 628.53 SCH
Edition number 21
100 1# - MAIN ENTRY--PERSONAL NAME
Personal name Schnelle, Karl B.,
Titles and words associated with a name Jr.
9 (RLIN) 6924
245 10 - TITLE STATEMENT
Title Air pollution control technology handbook /
Statement of responsibility, etc. authored by Karl B. Schnelle, Jr., Charles A. Brown.
260 ## - PUBLICATION, DISTRIBUTION, ETC.
Place of publication, distribution, etc. Boca Raton :
Name of publisher, distributor, etc. CRC Press,
Date of publication, distribution, etc. c2002.
300 ## - PHYSICAL DESCRIPTION
Extent 386 p. :
Other physical details ill. ;
Dimensions 25 cm.
440 #0 - SERIES STATEMENT/ADDED ENTRY--TITLE
Title Mechanical engineering handbook series
9 (RLIN) 6925
500 ## - GENERAL NOTE
General note H.B
504 ## - BIBLIOGRAPHY, ETC. NOTE
Bibliography, etc. note Includes bibliographical references and index.
650 #0 - SUBJECT ADDED ENTRY--TOPICAL TERM
Topical term or geographic name entry element Air quality management
Form subdivision Handbooks, manuals, etc.
9 (RLIN) 6926
650 #0 - SUBJECT ADDED ENTRY--TOPICAL TERM
Topical term or geographic name entry element Air
General subdivision Pollution
Form subdivision Handbooks, manuals, etc.
9 (RLIN) 6927
650 #0 - SUBJECT ADDED ENTRY--TOPICAL TERM
Topical term or geographic name entry element Air
General subdivision Purification
-- Equipment and supplies
Form subdivision Handbooks, manuals, etc.
9 (RLIN) 6928
700 1# - ADDED ENTRY--PERSONAL NAME
Personal name Brown, Charles A.
Fuller form of name (Charles Arnold),
Dates associated with a name 1951-
9 (RLIN) 6929
856 42 - ELECTRONIC LOCATION AND ACCESS
Materials specified Publisher description
Uniform Resource Identifier <a href="http://www.loc.gov/catdir/enhancements/fy0646/2001037498-d.html">http://www.loc.gov/catdir/enhancements/fy0646/2001037498-d.html</a>
906 ## - LOCAL DATA ELEMENT F, LDF (RLIN)
a 7
b cbc
c orignew
d 1
e ocip
f 20
g y-gencatlg
942 ## - ADDED ENTRY ELEMENTS (KOHA)
Source of classification or shelving scheme
Koha item type Book
Call number prefix IESE
Holdings
Withdrawn status Lost status Source of classification or shelving scheme Damaged status Not for loan Collection code Permanent Location Current Location Shelving location Date acquired Full call number Barcode Date last seen Price effective from Koha item type
            Central Library (CL) Central Library (CL) General Stacks 12/04/2017 628.53 SCH IESE-863 12/04/2017 12/04/2017 Reference
© 2023 Central Library, National University of Sciences and Technology. All Rights Reserved.